Генерация суперконтинуума и уширение спектра в дырчатых волокнах под действием излучения непрерывных фемтосекундных лазеров видимого и ИК-диапазонов; Измерительная техника; № 1

Detalles Bibliográficos
Parent link:Измерительная техника=Measurement Techniques: научно-технический журнал/ Российская Федерация, Федеральное агентство по техническому регулированию и метрологии (Ростехрегулирование) (Госстандарт России).— , 1940-1941, 1955-.— 0368-1025
№ 1.— 2004.— С. 28-32
Outros autores: Крюков П. Г., Левченко А. Е., Белов А. В., Киреев А. Н., Конященко А. В., Шарков А. В., Губин М. А., Воробьев И. Л., Иванов Г. А., Чаморовский Ю. К.
Idioma:ruso
Publicado: 2004
Series:Оптико-физические измерения
Subjects:
Formato: Capítulo de libro
KOHA link:https://koha.lib.tpu.ru/cgi-bin/koha/opac-detail.pl?biblionumber=393291

MARC

LEADER 00000naa2a2200000 4500
001 393291
005 20231101064359.0
035 |a (RuTPU)RU\TPU\prd\29302 
090 |a 393291 
100 |a 20041027a2004 k y0rusy50 ca 
101 0 |a rus 
102 |a RU 
200 1 |a Генерация суперконтинуума и уширение спектра в дырчатых волокнах под действием излучения непрерывных фемтосекундных лазеров видимого и ИК-диапазонов  |f П. Г. Крюков, А. Е. Левченко, А. В. Белов и др. 
225 1 |a Оптико-физические измерения 
320 |a Библиогр.: 19 назв. 
461 1 |0 (RuTPU)RU\TPU\prd\1509  |x 0368-1025  |t Измерительная техника  |l Measurement Techniques  |o научно-технический журнал  |f Российская Федерация, Федеральное агентство по техническому регулированию и метрологии (Ростехрегулирование) (Госстандарт России)  |d 1940-1941, 1955- 
463 1 |0 (RuTPU)RU\TPU\prd\26433  |t № 1  |v С. 28-32  |d 2004 
610 1 |a оптический стандарт частоты 
610 1 |a фемтосекундные лазеры 
610 1 |a дырчатое волокно 
610 1 |a суперконтинуум 
675 |a 535.33:66.085.1  |v 3 
701 1 |a Крюков  |b П. Г. 
701 1 |a Левченко  |b А. Е. 
701 1 |a Белов  |b А. В. 
701 1 |a Киреев  |b А. Н. 
701 1 |a Конященко  |b А. В. 
701 1 |a Шарков  |b А. В. 
701 1 |a Губин  |b М. А. 
701 1 |a Воробьев  |b И. Л. 
701 1 |a Иванов  |b Г. А. 
701 1 |a Чаморовский  |b Ю. К. 
801 1 |a RU  |b 63413507  |c 20041027  |g PSBO 
801 2 |a RU  |b 63413507  |c 20121217  |g RCR 
942 |c BK